Children with developmental coordination disorder / (Record no. 39543)
[ view plain ]
| 000 -LEADER | |
|---|---|
| fixed length control field | 00651nam a2200217 a 4500 |
| 005 - DATE AND TIME OF LATEST TRANSACTION | |
| control field | 20140311163026.0 |
| 008 - FIXED-LENGTH DATA ELEMENTS--GENERAL INFORMATION | |
| fixed length control field | 080508s19uu xx 00 eng d |
| 020 ## - INTERNATIONAL STANDARD BOOK NUMBER | |
| International Standard Book Number | 1861564589 |
| 050 ## - LIBRARY OF CONGRESS CALL NUMBER | |
| Classification number | RJ 496.M68 |
| Item number | .C48 2005 |
| 245 ## - TITLE STATEMENT | |
| Title | Children with developmental coordination disorder / |
| Statement of responsibility, etc | edited by David Sugden. |
| 260 ## - PUBLICATION, DISTRIBUTION, ETC. (IMPRINT) | |
| Place of publication, distribution, etc | London : |
| Name of publisher, distributor, etc | Whurr Publishers, |
| Date of publication, distribution, etc | 2005. |
| 300 ## - PHYSICAL DESCRIPTION | |
| Extent | 319 p. : |
| Dimensions | 24 cm. |
| 521 ## - TARGET AUDIENCE NOTE | |
| Target audience note | |
| 650 ## - SUBJECT ADDED ENTRY--TOPICAL TERM | |
| Topical term or geographic name as entry element | Clumsiness in children. |
| 650 ## - SUBJECT ADDED ENTRY--TOPICAL TERM | |
| Topical term or geographic name as entry element | Motor ability in children. |
| 650 ## - SUBJECT ADDED ENTRY--TOPICAL TERM | |
| Topical term or geographic name as entry element | Child development. |
| 650 ## - SUBJECT ADDED ENTRY--TOPICAL TERM | |
| Topical term or geographic name as entry element | Occupational therapy for children. |
| 700 ## - ADDED ENTRY--PERSONAL NAME | |
| Personal name | Chambers, Mary |
| 942 ## - ADDED ENTRY ELEMENTS (KOHA) | |
| Koha item type | Books |
| Source of classification or shelving scheme | Library of Congress Classification |
| Call number prefix | Foreign |
| Withdrawn status | Lost status | Source of classification or shelving scheme | Damaged status | Home library | Current library | Shelving location | Date acquired | Total Checkouts | Full call number | Barcode | Date last seen | Copy number | Price effective from | Koha item type |
|---|---|---|---|---|---|---|---|---|---|---|---|---|---|---|
| Library of Congress Classification | College Library | College Library | General Circulation Section | 10/02/2010 | RJ 496.M68 .C48 2005 | C9345 | 05/15/2018 | 1 | 02/19/2014 | Books |